000 00579nam a2200217 i 4500
001 C2-0236966
003 PPAK
005 20180727200615.0
008 011027s1960 enk |||| ||||| | eng d
040 _aPPAK
_beng
_cPPAK
_erda
082 0 4 _a823
_223
090 0 0 _a823
_bSTO
_dKAM
245 0 0 _aStories from the New Yorker 1950-1960
264 1 _aMiddlesex, England :
_bPenguin Books ,
_c1960
300 _a864 pages ;
_c18 cm
336 _2rdacontent
_atext
337 _2rdamedia
_aunmediated
338 _2rdacarrier
_avolume
650 1 0 _aEnglish fiction
942 _ddc
_cB
999 _c52693
_d52693